Historia de la bolsa de comercio de Santiago 1893-1993: un siglo de mercado de valores en Chile

Spremljeno u:
Bibliografski detalji
Glavni autori: Couyoumdjian, Juan Ricardo (Autor), Tocornal, Josefina (Autor)
Daljnji autori: Millar Carvacho, René Domingo (autor)
Format: Knjiga
Jezik:španjolski
Izdano: Santiago, Chile Bolsa de Comercio de Santiago 1993
Teme:
Oznake: Dodaj oznaku
Bez oznaka, Budi prvi tko označuje ovaj zapis!

MARC

LEADER 00000cam a2200000 a 4500
001 UCY1851
003 CL-VaPUC
005 20220112163114.0
008 940923e19930000CL |||||||||||||||||spa|d
999 |c 230433  |d 230431 
020 |a 9567375011 
040 |c Pontificia Universidad Católica de Valparaíso 
082 0 4 |a 330.9 COU 1993  |2 21 
100 0 |a Couyoumdjian, Juan Ricardo  |e author  |9 329897 
245 1 0 |a Historia de la bolsa de comercio de Santiago 1893-1993:  |b  un siglo de mercado de valores en Chile 
260 |a Santiago, Chile  |b Bolsa de Comercio de Santiago  |c 1993 
300 |a 768 páginas 
583 |a last modification  |c 20160707 09:14:36  |k Rodrigo Vera 
610 |a BOLSA DE COMERCIO DE SANTIAGO  |z CHILE  |9 856391 
610 |a BOLSA DE VALORES  |z CHILE  |9 856391 
700 |a Millar Carvacho, René Domingo  |e autor  |9 865746 
700 0 |a Tocornal, Josefina  |e author  |9 329899 
852 |a BIBCUR 
942 |c BK  |2 ddc 
945 |d 19940923 00:00:00  |a oaravena 
952 |0 0  |1 0  |2 ddc  |4 0  |6 330_900000000000000_COU_1993  |7 0  |8 A  |9 232697  |a BIBHIS  |b BIBHIS  |d 2019-11-15  |i 3019632  |o 330.9 COU 1993  |p 3019632  |r 2025-01-20  |t 2  |w 2019-11-15  |y BK  |k HIS 
952 |0 0  |1 0  |2 ddc  |3 erb  |4 0  |6 330_900000000000000_COU_1993  |7 0  |8 A  |9 232698  |a BIBDER  |b BIBDER  |i 5297184  |o 330.9 COU 1993  |p 5297184  |r 2023-01-25  |t 1  |w 2019-11-15  |y BK  |z Catalogado en:20160708  |k DER